=LDR 00000nam 2200000 4500 =001 000867 =005 20250712115032 =035 ##$$a 0010-0725000745 =007 ta =008 250712################a##########0#ind## =020 ##$$a 978-602-1101-49-0 =082 ##$$a 398.209 598 =084 ##$$a 398.209 598 PUS m =100 #$$a Puspitasari, Ratna Candra =245 1#$$a Memancing /$c Ratna Candra Puspitasari =260 ##$$a Bandung :$b Yayasan Litara,$c 2021 =300 ##$$a 20 hlm. : $b ilus. ; $c 29,7 cm =650 #4$$a Literasi-Bahan Bacaan =856 ##$$a TBM As Suhada =990 ##$$a TBM202400686